00446 2200157 4500245006300000020001800063250001000081100001800091005001900109260003300128041001400161084000800175500005400183490004200237336000900279 aEnsiklopedia geografi indonesia VOL.5cJulian HolandhText a979-3535-10-5 aCet.1 aJulian Holand a20240910113053 aJakartabLENTERA ABADIc2007 aIndonesia a915 aDaftar Isi : oseania dan antartika, rujukan kilat aEnsiklopedia geografi indonesia VOL.5 atext